Top 3 Continental: Oceania - Statistics

General Stats
  • This quiz has been taken 11 times
  • The average score is 9 of 24
Answer Stats
Hint Answer % Correct
1st New Guinea
90%
1st Great Barrier Reef
80%
2nd Melbourne
80%
3rd North Island
80%
2nd South Island
80%
1st Sydney
80%
3rd Brisbane
70%
1st Maōri
60%
2nd Great Sandy Desert
50%
1st Murray River
50%
3rd Aoraki
30%
3rd Darling River
30%
2nd Samoans
30%
1st Great Dividing Range
20%
1st Great Victoria Desert
20%
3rd Native Hawaiians
20%
2nd Southern Alps
20%
2nd Mount Wilhelm
10%
2nd New Caledonia Barrier Reef
10%
1st Puncak Jaya
10%
2nd Murrumbidgee River
0%
3rd Ningaloo Reef
0%
3rd Owen Stanley Range
0%
3rd Tanami Desert
0%
No matching quizzes found
Score Distribution
Percent of People with Each Score
Percentile by Number Answered
Your Score History
You have not taken this quiz